MLB 2025 Team Stat Leaders - Statistics

General Stats
  • This quiz has been taken 453 times
  • The average score is 137 of 240
Answer Stats
Team Pos Player % Correct
NYY Avg. | HR | Hits | OPS Aaron Judge
100%
KC Avg. | Hits | OPS | SB Bobby Witt Jr.
84%
SEA HR | OPS Cal Raleigh
81%
BAL Avg. | Hits | OPS | SB Gunnar Henderson
81%
CLE Avg. | HR | OPS | SB Jose Ramirez
81%
NYY ERA Max Fried
81%
DET ERA | SO Tarik Skubal
81%
MIA OPS Agustin Ramirez
80%
TOR Avg. | Hits Bo Bichette
80%
LAD HR | Hits | OPS | SB Shohei Ohtani
80%
CIN HR | Hits | OPS | SB Elly De La Cruz
78%
BOS OPS Jarren Duran
78%
NYM HR | OPS | SB Juan Soto
78%
BOS SV Aroldis Chapman
77%
NYY SV Devin Williams
77%
CLE ERA | SO Gavin Williams
77%
MIN | PHI SV Jhoan Duran
77%
HOU HR | Hits Jose Altuve
77%
SEA Avg. | Hits Julio Rodriguez
77%
PHI HR | OPS Kyle Schwarber
77%
MIN Avg. | HR | OPS | SB Byron Buxton
76%
NYM SV Edwin Diaz
76%
TOR HR | OPS | SB George Springer
76%
DET Avg. | HR | Hits | OPS Riley Greene
76%
TB Avg. | Hits Yandy Diaz
76%
NYM Hits Francisco Lindor
75%
BOS ERA | SO Garrett Crochet
75%
SFG OPS Matt Chapman
75%
SD HR | OPS Manny Machado
74%
NYY SO Carlos Rodon
73%
TEX HR Corey Seager
73%
SD SB Fernando Tatis Jr.
73%
LAD Avg. Freddie Freeman
73%
ATH HR Nick Kurtz
73%
PHI Avg. | Hits | SB Trea Turner
73%
ATL Avg. | HR | Hits | OPS Matt Olson
72%
NYM Avg. Pete Alonso
72%
SEA ERA | SO Bryan Woo
71%
PIT ERA | SO Paul Skenes
71%
CHC SB Pete Crow-Armstrong
71%
CHC OPS Kyle Tucker
70%
MIL HR | OPS Christian Yelich
69%
ARI HR | OPS | SB Corbin Carroll
69%
TB HR | OPS Junior Caminero
69%
PIT HR | SB Oneil Cruz
68%
ATH Avg. Jacob Wilson
67%
TOR ERA | SO Kevin Gausman
67%
CLE Hits Steven Kwan
67%
WAS HR | Hits | OPS James Wood
66%
LAD ERA | SO Yoshinobu Yamamoto
66%
NYY SB Jazz Chisholm Jr.
65%
SD SV Robert Suarez
65%
BOS Avg. | HR | Hits | SB Trevor Story
64%
CLE SV Emmanuel Clase
63%
HOU Avg. | OPS | SB Jeremy Pena
63%
PHI ERA Cristopher Sanchez
62%
TEX SO Jacob deGrom
61%
ATH Hits Brent Rooker
58%
HOU ERA | SO Hunter Brown
57%
MIL ERA | SO Freddy Peralta
56%
LAA HR | OPS Jo Adell
56%
MIN ERA | SO Joe Ryan
56%
ATL ERA | SO Chris Sale
55%
WAS Avg. | SB C.J. Abrams
55%
TEX Avg. | Hits Josh Smith
55%
SD Avg. | Hits Luis Arraez
55%
CHC Avg. | Hits Nico Hoerner
55%
CHW ERA | SO Shane Smith
55%
KC HR Vinnie Pasquantino
55%
TOR SV Jeff Hoffman
54%
LAA Hits | SB Zach Neto
54%
TB SB Chandler Simpson
53%
CHC HR Michael Busch
53%
KC SO Seth Lugo
53%
STL HR Willson Contreras
53%
SFG ERA | SO Logan Webb
52%
CHW SB Luis Robert Jr.
52%
TEX SV Robert Garcia
52%
ARI ERA | SO Zac Gallen
52%
MIL Hits | SB Brice Turang
51%
SEA SV Andres Munoz
50%
WAS ERA | SO MacKenzie Gore
50%
SFG HR | SB Willy Adames
50%
PIT Avg. | Hits Bryan Reynolds
49%
ARI Avg. | Hits Geraldo Perdomo
49%
MIA HR Kyle Stowers
49%
ATH SV Mason Miller
49%
TEX ERA Nathan Eovaldi
49%
SD SO Dylan Cease
48%
COL Avg. | HR | Hits | OPS Hunter Goodman
48%
ATL SB Michael Harris II
48%
LAD SV Tanner Scott
48%
STL SB Victor Scott II
48%
STL SO Sonny Gray
47%
HOU SV Josh Hader
46%
ATH SB Lawrence Butler
46%
TEX OPS | SB Wyatt Langford
45%
SFG Avg. Jung Hoo Lee
44%
BAL HR Jackson Holliday
42%
SEA SB Randy Arozarena
42%
SFG SV Ryan Walker
42%
ATH OPS Shea Langeliers
42%
ATL SV Raisel Iglesias
41%
MIA Avg. | Hits | SB Xavier Edwards
40%
PHI SO Jesus Luzardo
39%
LAA SV Kenley Jansen
39%
LAA ERA | SO Yusei Kikuchi
39%
COL ERA | SO Kyle Freeland
37%
CHC ERA | SO Matthew Boyd
37%
CHW HR Andrew Benintendi
36%
BAL SV Felix Bautista
36%
MIL Avg. Sal Frelick
36%
STL Avg. | Hits | OPS Alec Burleson
34%
CIN ERA Andrew Abbott
33%
KC SV Carlos Estevez
33%
MIA ERA | SO Edward Cabrera
32%
KC ERA Michael Wacha
31%
TB SV Pete Fairbanks
31%
STL SV Ryan Helsley
31%
NYM ERA | SO David Peterson
30%
SD ERA Nick Pivetta
30%
DET SB Zach McKinstry
30%
PIT OPS Andrew McCutchen
29%
TB SO Shane Baz
29%
MIL SV Trevor Megill
29%
SFG Hits Heliot Ramos
28%
WAS SV Kyle Finnegan
28%
LAA Avg. Nolan Schanuel
25%
DET SV Will Vest
24%
CHW Avg. | Hits | OPS Lenyn Sosa
23%
PIT SV Dennis Santana
22%
CHC SV Daniel Palencia
21%
ARI SV Justin Martinez
21%
TB ERA Ryan Pepiot
20%
ATH ERA | SO Jeffrey Springs
19%
CIN SV Emilio Pagan
18%
CIN SO Brady Singer
17%
BAL ERA | SO Dean Kremer
17%
CIN Avg. Gavin Lux
14%
MIN Hits Trevor Larnach
13%
COL SB Jordan Beck
11%
STL ERA Matthew Liberatore
11%
MIA SV Calvin Faucher
6%
COL SV Seth Halvorsen
6%
CHW SV Jordan Leasure
4%
No matching quizzes found
Score Distribution
Percent of People with Each Score
Percentile by Number Answered
Your Score History
You have not taken this quiz